| 000 | 00725nam a22002177a 4500 | ||
|---|---|---|---|
| 999 |
_c5962 _d5962 |
||
| 003 | AR-CdUCM | ||
| 008 | 190313b ||||| |||| 00| 0 spa d | ||
| 040 |
_aMUNICIPALIDAD PROVINCIAL DEL CUSCO _cBIBLIOTECA MUNICIPAL DEL CUSCO |
||
| 082 |
_a864.731 / _bR77 |
||
| 100 |
_aRojas, Marta _917490 |
||
| 245 | _aEl que debe vivir / | ||
| 260 |
_aLa Habana : _bCasa de las Américas, _c1978. |
||
| 300 |
_a136 paginas ; _c19 cm. |
||
| 500 | _aDonación de la familia Nieto | ||
| 505 | _aLa ciudad de Cuba -- Mártires del moncada -- Manifiesto del moncada -- Sobre las leyes del moncada ... | ||
| 650 |
_aNovelas cubanas _96366 |
||
| 650 |
_aSiglo XX. _98 |
||
| 650 |
_aTestimonio _911465 |
||
| 942 |
_2ddc _cLIBROS |
||
| 945 | _aacv | ||